[Event "2BLW 1819 SC Hansa Dortmund - SV Mülhe"]
[Site "?"]
[Date "2019.02.03"]
[Round "6.4"]
[White "Scholz, Christian"]
[Black "Rezasade, Amir"]
[Result "1-0"]
[WhiteElo "2382"]
[BlackElo "2354"]
[PlyCount "117"]
[EventDate "2019.??.??"]

1. d4 d5 2. c4 c6 3. Nc3 dxc4 4. e3 e5 5. Bxc4 exd4 6. exd4 Nf6 7. Qb3 Qe7+ 8.
Nge2 b5 9. Bd3 Be6 10. Qc2 Na6 11. a3 Qd7 12. O-O Be7 13. Bg5 h6 14. Bxf6 Bxf6
15. Nf4 O-O 16. d5 Bxd5 17. Nfxd5 cxd5 18. Bxb5 Qd6 19. Nxd5 Qxd5 20. Bxa6 Rab8
21. Rab1 Qa2 22. Bc4 Rxb2 23. Qd3 Rd2 24. Qe3 Bg5 25. Qc5 Qc2 26. Rb7 a5 27.
Rc7 Qe4 28. Qxa5 Be3 29. Rxf7 Rxf7 30. Bxf7+ Kh7 31. Qa6 Bg5 32. a4 Qe5 33. Bc4
h5 34. Qb5 Qf6 35. Qe8 g6 36. g3 Qd4 37. Qf7+ Qg7 38. Qxg7+ Kxg7 39. Ra1 Bf6
40. Ra2 Rd4 41. Be2 Rd7 42. a5 Bd4 43. Kg2 Ba7 44. Rc2 Kf6 45. Rc6+ Kf5 46. f4
g5 47. fxg5 Kxg5 48. h4+ Kf5 49. Rh6 Ke4 50. Bf3+ Ke3 51. Re6+ Kd2 52. Bxh5 Rd5
53. Ra6 Bd4 54. Bf3 Rb5 55. Rd6 Ke3 56. Re6+ Be5 57. a6 Rb2+ 58. Kh3 Kxf3 59.
Rxe5 1-0

[Event "2BLW 1819 SC Hansa Dortmund - SV Mülhe"]
[Site "?"]
[Date "2019.02.03"]
[Round "6.5"]
[White "Van Osch, Mees"]
[Black "Wegener, Olaf"]
[Result "1/2-1/2"]
[WhiteElo "2296"]
[BlackElo "2424"]
[PlyCount "149"]
[EventDate "2019.??.??"]

1. e4 c5 2. Nf3 d6 3. d4 cxd4 4. Nxd4 Nf6 5. Nc3 a6 6. h4 e5 7. Nb3 Be7 8. Bg5
Be6 9. Bxf6 Bxf6 10. g3 Be7 11. Qd2 Nd7 12. O-O-O Nf6 13. f4 Qc7 14. f5 Bc4 15.
Kb1 Rc8 16. g4 Nxg4 17. Rg1 h5 18. Bh3 b5 19. Bxg4 hxg4 20. Rxg4 b4 21. Nd5
Bxd5 22. exd5 a5 23. Rxg7 a4 24. Nc1 Bf6 25. Rg4 a3 26. Rxb4 axb2 27. Rxb2 Rxh4
28. Rg1 Ke7 29. Rg2 Rd4 30. Qe2 Rb8 31. Rb3 Rxd5 32. Rgg3 Rc5 33. Rxb8 Qxb8+
34. Rb3 Qa8 35. a3 e4 36. Rb4 d5 37. a4 Bc3 38. f6+ Kd6 39. Rb6+ Kc7 40. Ra6
Qb7+ 41. Nb3 Rc6 42. Qh2+ Kd7 43. Rxc6 Qxc6 44. Qh3+ Kd6 45. Qh5 Qc7 46. a5 Be5
47. Qh3 Qc4 48. Qe3 Bxf6 49. Qb6+ Qc6 50. Qb8+ Ke6 51. Qb4 Kf5 52. Qd2 Qc4 53.
Qf2+ Kg6 54. Qg3+ Kh7 55. Qh3+ Kg8 56. Qg3+ Bg7 57. Qb8+ Kh7 58. Qh2+ Kg8 59.
Qb8+ Kh7 60. Qh2+ Bh6 61. Qh5 Qf1+ 62. Ka2 e3 63. Nc1 Qc4+ 64. Kb2 Kg7 65. Qe5+
Kg8 66. Qe8+ Kh7 67. Qxf7+ Bg7+ 68. Kb1 Qc3 69. Qh5+ Kg8 70. Qxd5+ Kf8 71. Qd6+
Kf7 72. Qd7+ Kf8 73. Qd8+ Kf7 74. Qd7+ Kf8 75. Qd8+ 1/2-1/2

[Event "2BLW 1819 SC Hansa Dortmund - SV Mülhe"]
[Site "?"]
[Date "2019.02.03"]
[Round "6.6"]
[White "Ackermann, Hans Werner"]
[Black "Stillger, Bernhard"]
[Result "0-1"]
[WhiteElo "2267"]
[BlackElo "2233"]
[PlyCount "74"]
[EventDate "2019.??.??"]

1. Nf3 g6 2. e4 c5 3. d4 cxd4 4. Qxd4 Nf6 5. Bb5 a6 6. Bc4 b5 7. Bb3 Nc6 8. Qd1
e6 9. Qe2 Bg7 10. Nc3 O-O 11. O-O Qc7 12. h3 b4 13. Na4 d5 14. exd5 Nxd5 15.
Rd1 Nce7 16. Qc4 Qxc4 17. Bxc4 Bd7 18. Nc5 Bb5 19. Bd3 Rfc8 20. Nb3 Bxd3 21.
cxd3 a5 22. a4 bxa3 23. Rxa3 Nc6 24. g3 a4 25. Nbd2 Ncb4 26. Ne1 Rxc1 27. Rxc1
Bxb2 28. Raa1 Bxa1 29. Rxa1 a3 30. Nb3 a2 31. Nc1 Nc3 32. Kf1 g5 33. g4 Kg7 34.
f3 Ra3 35. Kf2 Ncd5 36. Ke2 Nf4+ 37. Ke3 Nxh3 0-1

[Event "2BLW 1819 SC Hansa Dortmund - SV Mülhe"]
[Site "?"]
[Date "2019.02.03"]
[Round "6.7"]
[White "Wittenberg, Andreas"]
[Black "Kotter, Ralf"]
[Result "0-1"]
[WhiteElo "2221"]
[BlackElo "2372"]
[PlyCount "108"]
[EventDate "2019.??.??"]

1. d4 Nf6 2. Nf3 e6 3. g3 c5 4. c4 cxd4 5. Nxd4 d5 6. cxd5 Qxd5 7. Nf3 Qxd1+ 8.
Kxd1 Bc5 9. e3 Nc6 10. a3 Bd7 11. Bd3 Ng4 12. Ke1 Nge5 13. Be2 O-O-O 14. b4 Be7
15. Bb2 Bf6 16. Nxe5 Nxe5 17. f4 Nd3+ 18. Bxd3 Bxb2 19. Ra2 Bc6 20. e4 Rxd3 21.
Rxb2 Bxe4 22. Ke2 Rhd8 23. Rc1+ Kb8 24. Rc3 Bf5 25. Rd2 Bg4+ 26. Ke1 R3d5 27.
Rxd5 exd5 28. Re3 Rd7 29. Nc3 a6 30. Kd2 Kc7 31. Re5 Kc6 32. Rg5 f5 33. h3 Bxh3
34. Rh5 Bg4 35. Rxh7 d4 36. Na4 Re7 37. Nc5 a5 38. Nd3 axb4 39. Ne5+ Kd5 40.
axb4 b5 41. Rh8 Ra7 42. Rd8+ Ke4 43. Rxd4+ Kxd4 44. Nc6+ Kc4 45. Nxa7 Kxb4 46.
Nc6+ Kc5 47. Nd8 Kc4 48. Ne6 g6 49. Nf8 Bh5 50. Nd7 Kb3 51. Nc5+ Ka3 52. Kc2
Be2 53. Ne6 b4 54. Nd4 Bc4 0-1

[Event "2BLW 1819 SC Hansa Dortmund - SV Mülhe"]
[Site "?"]
[Date "2019.02.03"]
[Round "6.8"]
[White "Kalka, Arkadius Georg"]
[Black "Nachbar, Benjamin"]
[Result "1-0"]
[WhiteElo "2331"]
[BlackElo "2119"]
[PlyCount "65"]
[EventDate "2019.??.??"]

1. c4 c5 2. g3 g6 3. Nc3 Bg7 4. Bg2 Nc6 5. Nf3 d6 6. O-O Qd7 7. d3 b6 8. Bg5
Bb7 9. Rb1 f5 10. e4 Bxc3 11. bxc3 h6 12. Be3 fxe4 13. Nh4 Ne5 14. d4 Nf3+ 15.
Nxf3 exf3 16. Bxf3 Bxf3 17. Qxf3 Rc8 18. Rfe1 Qf5 19. Qb7 Qd7 20. Qf3 Qf5 21.
Qb7 Qd7 22. Qa6 Nf6 23. dxc5 dxc5 24. Rbd1 Qh3 25. Qxa7 O-O 26. Qb7 Ra8 27. Rd2
Ng4 28. Qd5+ Kh7 29. Qg2 Qh5 30. Bf4 e5 31. h3 exf4 32. Qb7+ Kh8 33. hxg4 1-0

[Event "2BLW 1819 SV Oberursel - TSV Schott Mai"]
[Site "?"]
[Date "2019.02.24"]
[Round "7.1"]
[White "Lobron, Eric"]
[Black "Dubiel, Jacek"]
[Result "1/2-1/2"]
[WhiteElo "2508"]
[BlackElo "2430"]
[PlyCount "49"]
[EventDate "2019.??.??"]

1. d4 d5 2. Nf3 Nf6 3. e3 e6 4. Bd3 c5 5. b3 Nc6 6. O-O Bd6 7. Bb2 b6 8. Nbd2
Bb7 9. a3 O-O 10. Qe2 Rc8 11. Ne5 Qc7 12. f4 Ne7 13. Rf3 c4 14. bxc4 dxc4 15.
Ndxc4 Bxf3 16. Qxf3 b5 17. Nxd6 Qxd6 18. Qh3 Qd5 19. g4 Ne4 20. g5 Nf5 21. Qg2
Nfd6 22. Rf1 Rc7 23. Bc1 Kh8 24. Qh3 Kg8 25. Qg2 1/2-1/2

[Event "2BLW 1819 SV Oberursel - TSV Schott Mai"]
[Site "?"]
[Date "2019.02.24"]
[Round "7.2"]
[White "Heinz, Axel"]
[Black "Balcerak, Jakob"]
[Result "1/2-1/2"]
[WhiteElo "2443"]
[BlackElo "2474"]
[PlyCount "83"]
[EventDate "2019.??.??"]

1. e4 c5 2. Nf3 d6 3. Bb5+ Nd7 4. O-O a6 5. Bd3 Ngf6 6. Re1 b5 7. c4 bxc4 8.
Bxc4 e6 9. d4 cxd4 10. Nxd4 Qc7 11. Bb3 Nc5 12. Bc2 Be7 13. Nc3 O-O 14. Qf3 Rb8
15. Qg3 Rb4 16. Nb3 Nxb3 17. Bxb3 Nd7 18. Bd2 Qb7 19. Bh6 Bf6 20. Bf4 Be5 21.
Bxe5 dxe5 22. Qe3 Nf6 23. Rad1 Bd7 24. Qc5 Nxe4 25. Qxe5 Nf6 26. Rd4 Bc6 27.
Rxb4 Qxb4 28. Rd1 a5 29. Rd4 Qb7 30. f3 Ra8 31. Qd6 h6 32. Rc4 Be8 33. h3 a4
34. Nxa4 Bxa4 35. Bxa4 Qxb2 36. Bb3 Nd5 37. Rc2 Qa1+ 38. Kf2 Qd4+ 39. Kg3 Qe3
40. Kh2 Qg5 41. Qg3 Qf6 42. Bxd5 1/2-1/2

[Event "2BLW 1819 SV Oberursel - TSV Schott Mai"]
[Site "?"]
[Date "2019.02.24"]
[Round "7.3"]
[White "Krivonosov, Oleg"]
[Black "Michaelsen, Nils"]
[Result "1/2-1/2"]
[WhiteElo "2394"]
[BlackElo "2405"]
[PlyCount "31"]
[EventDate "2019.??.??"]

1. Nf3 Nf6 2. c4 e6 3. g3 d5 4. d4 dxc4 5. Qa4+ Nbd7 6. Bg2 Be7 7. O-O O-O 8.
Qxc4 c5 9. dxc5 Bxc5 10. Nc3 Qe7 11. Bg5 h6 12. Bxf6 Nxf6 13. Rac1 Bd7 14. Ne5
Rfc8 15. Qb3 Rab8 16. Nxd7 1/2-1/2

[Event "2BLW 1819 SV Oberursel - TSV Schott Mai"]
[Site "?"]
[Date "2019.02.24"]
[Round "7.4"]
[White "Schlamp, Robert"]
[Black "Cicak, Slavko"]
[Result "0-1"]
[WhiteElo "2294"]
[BlackElo "2483"]
[PlyCount "56"]
[EventDate "2019.??.??"]

1. Nf3 c5 2. e4 d6 3. g3 Nf6 4. d3 Nc6 5. Bg2 g6 6. O-O Bg4 7. h3 Bxf3 8. Bxf3
h5 9. c3 Bh6 10. Bxh6 Rxh6 11. Qd2 Rh8 12. a3 e5 13. b4 h4 14. g4 Nh7 15. Bg2
Ng5 16. f4 Ne6 17. b5 Na5 18. f5 Nf4 19. Qd1 c4 20. d4 g5 21. a4 Qb6 22. Na3
exd4 23. cxd4 Nd3 24. Kh1 Qxd4 25. Ra2 f6 26. b6 a6 27. Rc2 Rc8 28. Qb1 Rc6 0-1

[Event "2BLW 1819 SV Oberursel - TSV Schott Mai"]
[Site "?"]
[Date "2019.02.24"]
[Round "7.5"]
[White "Schenderowitsch, Michael"]
[Black "Stork, Oliver"]
[Result "1/2-1/2"]
[WhiteElo "2331"]
[BlackElo "2217"]
[PlyCount "95"]
[EventDate "2019.??.??"]

1. d4 d5 2. c4 e6 3. Nc3 Nf6 4. cxd5 exd5 5. Bg5 Be7 6. e3 O-O 7. Bd3 c6 8. Qc2
Nbd7 9. Nf3 Re8 10. O-O Nf8 11. h3 Be6 12. Bxf6 Bxf6 13. b4 Rc8 14. Na4 g6 15.
Rac1 Be7 16. Qb2 Nd7 17. Rc2 Bd6 18. Nc5 Qe7 19. a3 b6 20. Nxe6 Qxe6 21. Rfc1
c5 22. bxc5 bxc5 23. dxc5 Nxc5 24. Bf1 Rb8 25. Qa2 Ne4 26. Rc6 Rb6 27. Rxb6
axb6 28. Bb5 Ra8 29. a4 Bc5 30. Nd4 Qe5 31. Nf3 Qe6 32. Nd4 Qe5 33. Nf3 Qf5 34.
Nd4 Bxd4 35. exd4 Rc8 36. Rxc8+ Qxc8 37. Bf1 Qc1 38. Qe2 Qa1 39. Qe3 Qxa4 40.
f3 Nd6 41. Qe5 Nf5 42. Qb8+ Kg7 43. Qe5+ f6 44. Qc7+ Kh6 45. Qf4+ Kg7 46. Qc7+
Kf8 47. Qd8+ Kg7 48. Qc7+ 1/2-1/2

[Event "2BLW 1819 SV Oberursel - TSV Schott Mai"]
[Site "?"]
[Date "2019.02.24"]
[Round "7.6"]
[White "Haubt, Georg"]
[Black "Cremer, Kevin"]
[Result "0-1"]
[WhiteElo "2145"]
[BlackElo "2249"]
[PlyCount "104"]
[EventDate "2019.??.??"]

1. d4 d5 2. Bf4 Nf6 3. e3 c5 4. c3 Nc6 5. Nd2 e6 6. Ngf3 cxd4 7. cxd4 Be7 8. h3
O-O 9. Bd3 Qb6 10. Qb3 Nb4 11. Be2 a5 12. a4 Bd7 13. O-O Bc6 14. Ne5 Nd7 15.
Rfc1 Nxe5 16. Bxe5 f6 17. Bg3 Rfc8 18. Rc3 Qd8 19. Bg4 Qd7 20. e4 h5 21. Bxh5
dxe4 22. Be2 Bd5 23. Qd1 Bd6 24. Bb5 Qe7 25. Qg4 Bxg3 26. Qxg3 Nc6 27. Rac1 Rd8
28. Qe3 f5 29. Bxc6 Bxc6 30. Nc4 Qf6 31. Ne5 f4 32. Qe1 Rxd4 33. Nxc6 bxc6 34.
Rxc6 Rxa4 35. Qd1 Rb4 36. Qh5 Rbb8 37. Qg4 Re8 38. Rb6 Rab8 39. Rcc6 Rxb6 40.
Rxb6 e3 41. fxe3 fxe3 42. Qe2 Qf4 43. Rc6 Rd8 44. Rc3 Rd2 45. Rc8+ Kh7 46. Qh5+
Qh6 47. Qf3 Qg6 48. Qa8 Qf5 49. Rh8+ Kg6 50. Rf8 Rd1+ 51. Kh2 Qe5+ 52. g3 Qxb2+
0-1

[Event "2BLW 1819 SV Oberursel - TSV Schott Mai"]
[Site "?"]
[Date "2019.02.24"]
[Round "7.7"]
[White "Goebel, Constantin"]
[Black "Weber, Samuel"]
[Result "1-0"]
[WhiteElo "2238"]
[BlackElo "2158"]
[PlyCount "107"]
[EventDate "2019.??.??"]

1. e4 e5 2. Nf3 Nc6 3. Bb5 a6 4. Ba4 Nf6 5. O-O Be7 6. Re1 b5 7. Bb3 O-O 8. h3
d6 9. c3 Nb8 10. d4 Nbd7 11. Nbd2 Bb7 12. a4 c5 13. Bc2 Re8 14. Nf1 Bf8 15. Ng3
g6 16. Qd3 Qc7 17. d5 c4 18. Qf1 Nc5 19. Bg5 Be7 20. Bh6 Bf8 21. Bxf8 Rxf8 22.
Nd2 Nxd5 23. exd5 Bxd5 24. Nge4 f5 25. Nxc5 Qxc5 26. Kh2 b4 27. f4 Rab8 28. Nf3
bxc3 29. bxc3 Rb2 30. Re2 Bxf3 31. Qxf3 e4 32. Qf2 Qxf2 33. Rxf2 Kf7 34. Rd1
Ke6 35. Rfd2 Rd8 36. Bd3 cxd3 37. Rxb2 Rc8 38. Rb3 Kd5 39. Kg1 Kc4 40. Rb6 e3
41. Rxd6 e2 42. Rc1 Re8 43. Kf2 Re4 44. g3 h5 45. h4 g5 46. Rd4+ Rxd4 47. cxd4+
Kxd4 48. Rc6 gxf4 49. gxf4 a5 50. Ra6 Kc3 51. Rxa5 Kc2 52. Rc5+ Kd1 53. Re5 Kc1
54. Rxe2 1-0

[Event "2BLW 1819 SV Oberursel - TSV Schott Mai"]
[Site "?"]
[Date "2019.02.24"]
[Round "7.8"]
[White "Neininger, Ralph"]
[Black "Gohil, Harry"]
[Result "1/2-1/2"]
[WhiteElo "2123"]
[BlackElo "2228"]
[PlyCount "108"]
[EventDate "2019.??.??"]

1. d4 Nf6 2. c4 g6 3. Nc3 Bg7 4. e4 O-O 5. Nf3 d6 6. h3 c5 7. d5 b5 8. cxb5 a6
9. a4 Qa5 10. Bd2 Qb4 11. Bd3 c4 12. Bc2 Qxb2 13. Rb1 Qa3 14. Qe2 Nfd7 15. Qxc4
Nb6 16. Qc7 N8d7 17. O-O Qc5 18. Qc6 Rb8 19. Rfc1 Bb7 20. Qxc5 Nxc5 21. Ne2
Nbxa4 22. Ned4 axb5 23. Rxb5 Ba8 24. Rcb1 Rxb5 25. Rxb5 f5 26. exf5 Bxd5 27.
fxg6 hxg6 28. Bxg6 Bxf3 29. Nxf3 Nc3 30. Rb4 Nd5 31. Rg4 e5 32. Bb1 Nf6 33.
Ba2+ d5 34. Nxe5 Ra8 35. Bxd5+ Nxd5 36. Bh6 Ra7 37. Kh2 Kh7 38. Bxg7 Rxg7 39.
Rxg7+ Kxg7 40. g3 Kf6 41. Ng4+ Kf5 42. Kg2 Ne4 43. Kf3 Ng5+ 44. Kg2 Ne4 45. f3
Ng5 46. h4 Nh7 47. Nf2 Nf8 48. Nd3 Ne6 49. g4+ Kf6 50. Kg3 Nd4 51. Nf4 Ne7 52.
h5 Nef5+ 53. gxf5 Nxf5+ 54. Kg4 Ne3+ 1/2-1/2

[Event "2BLW 1819 Aachener SV - SV Koblenz"]
[Site "?"]
[Date "2019.02.24"]
[Round "7.1"]
[White "Balog, Imre"]
[Black "Seel, Christian"]
[Result "1-0"]
[WhiteElo "2563"]
[BlackElo "2486"]
[PlyCount "113"]
[EventDate "2019.??.??"]

1. d4 Nf6 2. Bg5 d5 3. Nf3 Ne4 4. Bh4 h5 5. Nfd2 g5 6. Nxe4 gxh4 7. Ned2 Nc6 8.
Nf3 Bg7 9. e3 e5 10. Bb5 e4 11. Ng1 Qg5 12. Ne2 a6 13. Bxc6+ bxc6 14. Nbc3 Rb8
15. Na4 Qxg2 16. Rg1 Qxh2 17. Rxg7 Bg4 18. Kd2 Kf8 19. Rxg4 hxg4 20. Qf1 Ke7
21. b3 Rh6 22. Qh1 Qxh1 23. Rxh1 a5 24. Ke1 Rbh8 25. Kf1 g3 26. Nac3 Kd6 27.
Nf4 gxf2 28. Kxf2 Rg8 29. Nce2 c5 30. a3 cxd4 31. exd4 c5 32. Ke3 Rc8 33. c4
cxd4+ 34. Kxd4 a4 35. Ng3 Rhh8 36. Nf5+ Kd7 37. Nxd5 axb3 38. Nb6+ Ke6 39. Nxc8
Rxc8 40. Nxh4 f5 41. Rb1 Rd8+ 42. Ke3 Rh8 43. Ng6 Rh3+ 44. Kd4 Rd3+ 45. Kc5 Rg3
46. Nf4+ Ke5 47. Ne2 Rd3 48. a4 f4 49. a5 f3 50. Nc1 Rd7 51. a6 e3 52. Rxb3 Kf4
53. Rb7 Rd8 54. a7 f2 55. Rb8 f1=Q 56. Rxd8 Qxc1 57. Rf8+ 1-0

[Event "2BLW 1819 Aachener SV - SV Koblenz"]
[Site "?"]
[Date "2019.02.24"]
[Round "7.2"]
[White "Koch, Thomas"]
[Black "Sulskis, Sarunas"]
[Result "1/2-1/2"]
[WhiteElo "2480"]
[BlackElo "2522"]
[PlyCount "70"]
[EventDate "2019.??.??"]

1. d4 d5 2. c4 c6 3. Nc3 e5 4. cxd5 cxd5 5. Nf3 e4 6. Ne5 f6 7. Qa4+ Nd7 8.
Nxd7 Bxd7 9. Qb3 Bc6 10. Bf4 Bd6 11. g3 h5 12. h4 Nh6 13. Bxh6 Rxh6 14. e3 f5
15. O-O-O Be7 16. Bh3 Rf6 17. Kb1 g6 18. Rc1 Qa5 19. Bf1 a6 20. Be2 Kf8 21. a3
Rd8 22. Bd1 b5 23. Qa2 b4 24. axb4 Qxb4 25. Ba4 Ba8 26. Rc2 Rb6 27. Rhc1 Rdb8
28. Nxd5 Bxd5 29. Qxd5 Qxa4 30. Rc8+ Rxc8 31. Rxc8+ Kg7 32. Rg8+ Kh6 33. Rh8+
Kg7 34. Rg8+ Kh6 35. Rh8+ Kg7 1/2-1/2

[Event "2BLW 1819 Aachener SV - SV Koblenz"]
[Site "?"]
[Date "2019.02.24"]
[Round "7.3"]
[White "Seul, Georg"]
[Black "Lemmers, Oscar"]
[Result "1/2-1/2"]
[WhiteElo "2419"]
[BlackElo "2340"]
[PlyCount "31"]
[EventDate "2019.??.??"]

1. e4 c5 2. Nf3 e6 3. b3 b6 4. d4 cxd4 5. Nxd4 a6 6. Bb2 Bb7 7. Bd3 Nf6 8. Qe2
d6 9. c4 Nbd7 10. Nc3 g6 11. Rd1 Bg7 12. O-O O-O 13. Bb1 Re8 14. Nf3 d5 15. e5
Ng4 16. cxd5 1/2-1/2

[Event "2BLW 1819 Aachener SV - SV Koblenz"]
[Site "?"]
[Date "2019.02.24"]
[Round "7.4"]
[White "Sonntag, Hans-Hubert"]
[Black "Fritsche, Lutz"]
[Result "1/2-1/2"]
[WhiteElo "2337"]
[BlackElo "2299"]
[PlyCount "47"]
[EventDate "2019.??.??"]

1. d4 g6 2. e4 Bg7 3. c4 d6 4. Nc3 Nc6 5. Be3 Nf6 6. f3 O-O 7. Qd2 Re8 8. Nge2
Rb8 9. g3 a6 10. Rc1 e5 11. d5 Na5 12. Nd1 c5 13. b4 cxb4 14. Qxb4 Nd7 15. Nec3
Nc5 16. Na4 Nxa4 17. Qxa4 Bd7 18. Qb4 b5 19. cxb5 axb5 20. Qxd6 Nc4 21. Bxc4
Bf8 22. Qa6 bxc4 23. Qxc4 Qa5+ 24. Bd2 1/2-1/2

[Event "2BLW 1819 Aachener SV - SV Koblenz"]
[Site "?"]
[Date "2019.02.24"]
[Round "7.5"]
[White "Hammes, Michael"]
[Black "Petzold, Klaus"]
[Result "1/2-1/2"]
[WhiteElo "2343"]
[BlackElo "2174"]
[PlyCount "34"]
[EventDate "2019.??.??"]

1. d4 d5 2. c4 c6 3. Nc3 Nf6 4. Nf3 dxc4 5. a4 Na6 6. e4 Bg4 7. Bxc4 e6 8. O-O
Nb4 9. a5 Be7 10. Be3 O-O 11. Be2 Qc7 12. Qb3 b5 13. Rfc1 Qb7 14. h3 Bh5 15.
Nd2 Bxe2 16. Nxe2 Rfc8 17. Ng3 Na6 1/2-1/2

[Event "2BLW 1819 Aachener SV - SV Koblenz"]
[Site "?"]
[Date "2019.02.24"]
[Round "7.6"]
[White "Klein, Felix"]
[Black "Doncevic, Dario"]
[Result "1-0"]
[WhiteElo "2308"]
[BlackElo "2260"]
[PlyCount "61"]
[EventDate "2019.??.??"]

1. e4 e6 2. d4 d5 3. Nc3 dxe4 4. Nxe4 Qd5 5. Bd3 Nf6 6. Nxf6+ gxf6 7. Nf3 Nc6
8. O-O Bd7 9. Re1 O-O-O 10. c4 Qh5 11. a3 Rg8 12. Be3 Bh6 13. b4 e5 14. d5 Bg4
15. Be2 Bxe3 16. fxe3 Ne7 17. Nd2 Nf5 18. Bxg4 Rxg4 19. Nf1 Rdg8 20. Ra2 Qg6
21. Qc2 Qg5 22. c5 Nh4 23. Re2 Nf3+ 24. Kh1 Qh5 25. Rf2 e4 26. d6 Qe5 27. dxc7
Kxc7 28. b5 Kb8 29. b6 axb6 30. cxb6 Qd6 31. Rb2 1-0

[Event "2BLW 1819 Aachener SV - SV Koblenz"]
[Site "?"]
[Date "2019.02.24"]
[Round "7.7"]
[White "Stewart, Neil"]
[Black "Begnis, Nikolaos"]
[Result "0-1"]
[WhiteElo "2232"]
[BlackElo "2273"]
[PlyCount "64"]
[EventDate "2019.??.??"]

1. Nf3 Nf6 2. c4 g6 3. Nc3 Bg7 4. e4 d6 5. d4 O-O 6. Be2 e5 7. d5 a5 8. Bg5 h6
9. Be3 Na6 10. Nd2 Ne8 11. O-O f5 12. exf5 gxf5 13. f4 Qe7 14. Nb3 b6 15. Qd2
Kh7 16. Rae1 Bd7 17. Bd3 a4 18. Nc1 Nc5 19. Bc2 Qh4 20. g3 Qh5 21. Nd3 Nxd3 22.
Qxd3 Nf6 23. Kg2 Kh8 24. Qd1 a3 25. Qxh5 Nxh5 26. Bc1 e4 27. Bd1 axb2 28. Bxb2
Nf6 29. Bb3 Kh7 30. Ne2 Nxd5 31. Nd4 Nb4 32. Ra1 c5 0-1

[Event "2BLW 1819 Aachener SV - SV Koblenz"]
[Site "?"]
[Date "2019.02.24"]
[Round "7.8"]
[White "Ahn, Martin"]
[Black "Repplinger, Marc"]
[Result "0-1"]
[WhiteElo "2198"]
[BlackElo "2198"]
[PlyCount "144"]
[EventDate "2019.??.??"]

1. e4 c5 2. Nf3 e6 3. d4 cxd4 4. Nxd4 Nc6 5. Nc3 Qc7 6. Be3 a6 7. Be2 Nf6 8.
O-O Be7 9. f4 d6 10. Bf3 Nxd4 11. Qxd4 e5 12. Qd2 Be6 13. f5 Bc4 14. Rfd1 b5
15. a3 Rc8 16. Qf2 O-O 17. Rd2 Qb7 18. g4 b4 19. axb4 Qxb4 20. Nd1 d5 21. c3
Qb7 22. exd5 e4 23. Be2 Nxd5 24. Bd4 Bg5 25. Ne3 Nf4 26. Bf1 Bxf1 27. Qxf1 Nd3
28. Qg2 Qc6 29. Rf1 Rfd8 30. Qg3 Qh6 31. f6 g6 32. Re2 Bf4 33. g5 Qxg5 34. Qxg5
Bxg5 35. Ng2 Re8 36. h4 Bh6 37. Ne3 Rcd8 38. Nc4 Nf4 39. Rc2 Nd5 40. Re1 Nb4
41. Rce2 Nd3 42. Ra1 Re6 43. Rf1 Nf4 44. Ree1 Rde8 45. Ne3 Nd3 46. Re2 Bxe3+
47. Bxe3 Ne5 48. Rf4 h5 49. Kg2 Ng4 50. Bd4 Kh7 51. b4 Nh6 52. c4 Nf5 53. Bc3
e3 54. Kf3 Rd8 55. Rxf5 gxf5 56. Rxe3 Rxe3+ 57. Kxe3 Re8+ 58. Kd3 f4 59. b5
axb5 60. cxb5 Kg6 61. Bd4 f3 62. b6 Kf5 63. Kc4 Ke4 64. Bf2 Rc8+ 65. Kb3 Kd3
66. Bg3 Ke2 67. b7 Re8 68. Kc4 f2 69. Bxf2 Kxf2 70. Kd5 Kg3 71. Kc6 Kxh4 72.
Kc7 Kg5 0-1

[Event "2BLW 1819 SV Mülheim Nord 1931 II - DJ"]
[Site "?"]
[Date "2019.02.24"]
[Round "7.1"]
[White "Dambacher, Martijn"]
[Black "Buckels, Valentin"]
[Result "1/2-1/2"]
[WhiteElo "2503"]
[BlackElo "2454"]
[PlyCount "69"]
[EventDate "2019.??.??"]

1. d4 Nf6 2. c4 e6 3. Nf3 Bb4+ 4. Nbd2 a5 5. a3 Be7 6. e4 d5 7. Qc2 dxe4 8.
Nxe4 Nbd7 9. Nc3 O-O 10. Be2 b6 11. O-O Bb7 12. Rd1 Bd6 13. Ne5 Qe7 14. Bf4
Rfd8 15. Nb5 Nf8 16. Rac1 Ng6 17. Nxg6 hxg6 18. Nxd6 cxd6 19. b4 axb4 20. axb4
Rdc8 21. Qb3 e5 22. Be3 exd4 23. Rxd4 d5 24. Rcd1 Rd8 25. h3 dxc4 26. Bxc4 Rxd4
27. Bxd4 Rd8 28. b5 Rd6 29. Be3 Rxd1+ 30. Qxd1 Bxg2 31. Bxf7+ Qxf7 32. Kxg2
Qd5+ 33. Qxd5+ Nxd5 34. Kf3 Nc3 35. Bxb6 1/2-1/2

[Event "2BLW 1819 SV Mülheim Nord 1931 II - DJ"]
[Site "?"]
[Date "2019.02.24"]
[Round "7.3"]
[White "Van Dooren, Dirk"]
[Black "Rezasade, Amir"]
[Result "1-0"]
[WhiteElo "2360"]
[BlackElo "2360"]
[PlyCount "79"]
[EventDate "2019.??.??"]

1. e4 g6 2. d4 Bg7 3. Nc3 a6 4. Be3 b5 5. Bd3 Bb7 6. Nf3 b4 7. Na4 d6 8. c4 Nf6
9. Nd2 O-O 10. O-O Qd7 11. f3 a5 12. Qc2 Bc6 13. b3 Bxa4 14. bxa4 e5 15. dxe5
dxe5 16. c5 Nc6 17. Nb3 Nd4 18. Nxd4 exd4 19. Bd2 Rfb8 20. Qb3 Bf8 21. c6 Qe8
22. Rae1 Nh5 23. f4 Rb6 24. f5 Kh8 25. e5 Rxc6 26. Bb5 Rb8 27. f6 Rxb5 28. axb5
Re6 29. Qd5 Rb6 30. Kh1 Rxb5 31. Qxd4 Bc5 32. Qd3 Bf8 33. e6 fxe6 34. f7 Qb8
35. Qd4+ e5 36. Rxe5 c5 37. Rxc5+ Ng7 38. Bh6 Rxc5 39. Bxg7+ Bxg7 40. f8=R+ 1-0

[Event "2BLW 1819 SV Mülheim Nord 1931 II - DJ"]
[Site "?"]
[Date "2019.02.24"]
[Round "7.4"]
[White "Van Osch, Mees"]
[Black "Buscher, Michael"]
[Result "1/2-1/2"]
[WhiteElo "2296"]
[BlackElo "2373"]
[PlyCount "205"]
[EventDate "2019.??.??"]

1. e4 c5 2. Nf3 Nc6 3. d4 cxd4 4. Nxd4 Nf6 5. Nc3 d6 6. Bg5 e6 7. Qd2 a6 8.
O-O-O Bd7 9. f4 Be7 10. Nf3 b5 11. Bxf6 gxf6 12. f5 h5 13. Kb1 Qb6 14. g3 O-O-O
15. Bh3 Kb8 16. Rhf1 Bc8 17. Qe1 Ne5 18. Ne2 Nc4 19. Nf4 Ne3 20. fxe6 fxe6 21.
Bxe6 Bxe6 22. Nxe6 Rc8 23. Nfd4 Nxd1 24. Qxd1 Qb7 25. Nf4 Rhe8 26. Nd5 Bd8 27.
Nf5 Qd7 28. Qd3 Rc4 29. Nc3 Bc7 30. b3 Rxc3 31. Qxc3 Rxe4 32. Qxf6 Qe6 33. Qxe6
Rxe6 34. Kc1 Re2 35. h4 d5 36. Kd1 Rg2 37. Rf3 Kb7 38. b4 d4 39. Nxd4 Rxg3 40.
Rxg3 Bxg3 41. Nf5 Be5 42. Kd2 Kc6 43. Kd3 Kd5 44. Ne3+ Ke6 45. Ke4 Bg3 46. Nf5
Be1 47. Ng7+ Kd7 48. Nxh5 Bxh4 49. Nf4 Kc6 50. Nd3 Bg3 51. Kd4 Bh4 52. Ke5 Be7
53. Ke6 Bf8 54. Ke5 Bg7+ 55. Ke4 Bc3 56. a3 a5 57. bxa5 Bxa5 58. Kd4 Bd2 59.
Nb4+ Kb6 60. Nd3 Kc6 61. Ne5+ Kb6 62. a4 Bb4 63. axb5 Kxb5 64. c4+ Kb6 65. Kd5
Ba3 66. Nd7+ Kc7 67. Nc5 Kb6 68. Na4+ Kc7 69. Nc3 Bb4 70. Nb5+ Kb6 71. Nd4 Ba3
72. Nc2 Bf8 73. Ne1 Ba3 74. Nd3 Bf8 75. Nf4 Ba3 76. Ng6 Bb4 77. Ne5 Ba3 78.
Nd7+ Kc7 79. Nc5 Kb6 80. Ne4 Bb4 81. Nf6 Ba3 82. Ne8 Bb4 83. Nd6 Kc7 84. Nf5
Ba3 85. Ng3 Bf8 86. Ne4 Ba3 87. Kd4 Kc6 88. Kc3 Bf8 89. Kb3 Be7 90. Ka4 Bd8 91.
Ng3 Bh4 92. Nf5 Bf2 93. Ne7+ Kd6 94. Nf5+ Kc6 95. Ne7+ Kd6 96. Ng6 Kc5 97. Kb3
Bg3 98. Nh8 Bf4 99. Nf7 Kc6 100. Nd8+ Kd7 101. Nb7 Kc6 102. Nd8+ Kd7 103. Nb7
1/2-1/2

[Event "2BLW 1819 SV Mülheim Nord 1931 II - DJ"]
[Site "?"]
[Date "2019.02.24"]
[Round "7.5"]
[White "Van Dael, Siem"]
[Black "Stillger, Bernhard"]
[Result "1/2-1/2"]
[WhiteElo "2242"]
[BlackElo "2239"]
[PlyCount "34"]
[EventDate "2019.??.??"]

1. e4 e5 2. Nf3 Nf6 3. Nxe5 d6 4. Nf3 Nxe4 5. Bd3 Nf6 6. h3 Be7 7. O-O O-O 8.
c3 b6 9. Bc2 Bb7 10. d4 Nbd7 11. Nbd2 Re8 12. Re1 Bf8 13. Rxe8 Qxe8 14. Nf1 g6
15. Ng3 Bg7 16. Be3 Ne4 17. Nxe4 Bxe4 1/2-1/2

[Event "2BLW 1819 SV Mülheim Nord 1931 II - DJ"]
[Site "?"]
[Date "2019.02.24"]
[Round "7.6"]
[White "Van Meegen, Ruud"]
[Black "Skulener, Wladimir"]
[Result "1/2-1/2"]
[WhiteElo "2288"]
[BlackElo "2387"]
[PlyCount "28"]
[EventDate "2019.??.??"]

1. Nf3 Nf6 2. c4 c6 3. Nc3 d5 4. e3 e6 5. d4 Nbd7 6. Qc2 Bd6 7. b3 Qe7 8. Bb2
O-O 9. Be2 b6 10. O-O Bb7 11. e4 dxe4 12. Nxe4 Nxe4 13. Qxe4 Nf6 14. Qh4 Ba3
1/2-1/2